| 000 | 00620nam a2200205Ia 4500 | ||
|---|---|---|---|
| 003 | OSt | ||
| 005 | 20200127105035.0 | ||
| 008 | 190216s9999||||xx |||||||||||||| ||und|| | ||
| 020 | _a9788120309630 | ||
| 040 | _coclc | ||
| 082 |
_a338.5024658 _bPET/M |
||
| 100 | 1 |
_aPetersen, Harold Craig _9679 |
|
| 245 | 0 |
_aManagerial Economics / _cH Craig Petersen ; W Cris Lewis |
|
| 250 | _a3rd ed. | ||
| 260 |
_bPrentice Hall Of India Pvt Ltd, _aNew Delhi: _c1995. |
||
| 300 | _a664p | ||
| 650 | _aEconomics | ||
| 700 | 1 |
_9680 _aLewis, W. Cris |
|
| 942 |
_cBK _2ddc _h338.5024658 _iPET/M _k338.5024658 _mPET/M |
||
| 999 |
_c11057 _d11057 |
||